The expert witness (Record no. 103714)
[ view plain ]
| 000 -LEADER | |
|---|---|
| fixed length control field | 01532cam a2200301 4500 |
| 001 - CONTROL NUMBER | |
| control field | L127194 |
| 008 - FIXED-LENGTH DATA ELEMENTS--GENERAL INFORMATION | |
| fixed length control field | 000000n2004 000 0 eng u |
| 020 ## - INTERNATIONAL STANDARD BOOK NUMBER | |
| International Standard Book Number | 1904388256 |
| 035 ## - SYSTEM CONTROL NUMBER | |
| System control number | (Sirsi) u127194 |
| 041 0# - LANGUAGE CODE | |
| Language code of text/sound track or separate title | eng |
| 050 04 - LIBRARY OF CONGRESS CALL NUMBER | |
| Classification number | 347.41067 $2 18 |
| 100 1# - MAIN ENTRY--PERSONAL NAME | |
| Personal name | Hall, Jean Graham |
| 245 04 - TITLE STATEMENT | |
| Title | The expert witness |
| Remainder of title | a CPD study pack |
| 250 ## - EDITION STATEMENT | |
| Edition statement | 4th ed. |
| 260 ## - PUBLICATION, DISTRIBUTION, ETC. | |
| Place of publication, distribution, etc. | Reading |
| Name of publisher, distributor, etc. | College of Estate Management |
| Date of publication, distribution, etc. | 2004 |
| 300 ## - PHYSICAL DESCRIPTION | |
| Extent | 41p. |
| Dimensions | 30cm. |
| Accompanying material | + 1 audio cassette (ca. 60 min.) |
| 350 ## - PRICE (NR) (BK AM CF MU VM SE) [OBSOLETE] | |
| Price | 51 |
| 490 #0 - SERIES STATEMENT | |
| Series statement | College of Estate Management CPD Study Pack |
| 520 ## - SUMMARY, ETC. | |
| Summary, etc. | Explains the legal framework in which the expert witness operates and includes advice for making a competent performance before the court or tribunal. Covers: the structure of the courts, tribunals and arbitration; instructions; preparations for the hearing; court proceedings; evidence; the expert witness as advocate; liability for negligence; and integrity of the expert witness. Appendices include a table of cases and a summary of a suggested expert's report. |
| 520 ## - SUMMARY, ETC. | |
| Summary, etc. | Accompanied by Owlion audio tape "Surveyors as advocates and expert witnesses" (J98021) which is available to borrow separately. |
| 520 ## - SUMMARY, ETC. | |
| Summary, etc. | Supersedes third edition (ISBN 1899769331). |
| 651 #4 - SUBJECT ADDED ENTRY--GEOGRAPHIC NAME | |
| Geographic name | England and Wales |
| Chronological subdivision | 1543- |
| 690 ## - LOCAL SUBJECT ADDED ENTRY--TOPICAL TERM (OCLC, RLIN) | |
| Topical term or geographic name as entry element | MANAGEMENT-DISPUTE AVOIDANCE, MANAGEMENT AND RESOLUTION-DISPUTE MANAGEMENT AND RESOLUTION-EXPERT WITNESSES |
| 700 1# - ADDED ENTRY--PERSONAL NAME | |
| Personal name | Smith, Gordon D. |
| 700 1# - ADDED ENTRY--PERSONAL NAME | |
| Personal name | Barry, Paul |
| 710 2# - ADDED ENTRY--CORPORATE NAME | |
| Corporate name or jurisdiction name as entry element | College of Estate Management |
| 9 (RLIN) | 400 |
| 942 ## - ADDED ENTRY ELEMENTS (KOHA) | |
| Suppress in OPAC | 0 |
| Withdrawn status | Lost status | Source of classification or shelving scheme | Damaged status | Not for loan | Home library | Current library | Shelving location | Date acquired | Cost, normal purchase price | Total Checkouts | Full call number | Barcode | Date last seen | Date last checked out | Copy number | Cost, replacement price | Price effective from | Koha item type |
|---|---|---|---|---|---|---|---|---|---|---|---|---|---|---|---|---|---|---|
| Dewey Decimal Classification | London | London | Missing | 24/03/2005 | 50.94 | 33 | ENQUIRY DESK | 30061978 | 06/08/2019 | 17/02/2009 | 2 | 50.94 | 06/08/2019 | Audio |